000 00723nam a22002177a 4500
008 240702b mp ||||| |||| 00| 0 mon d
035 _a18054
040 _aZA2481090
_bmon
_cMN-UlNLM
_dMN-UlNLM
_erda
041 _amon
042 _a44622
084 _2NNA
_a84/0/-44
_bД-404
100 _aДефо Д.
245 0 _aРобинзон Крузо
264 _aулаанбаатар
_bСоёмбо паблишинг ХХК
_c2010
300 _a113х.
336 _2rdacontent
_atext
_btxt
337 _2rdamedia
_aunmediated
_bn
338 _2rdacarrier
_avolume
_bnc
650 _aБи далайд аялна, Би абригдсан боловч зугтаалаа, Зэрлэг хүмүүс
942 _2NNA
_cBK
999 _c1085893
_d1085950